Statistiken für Länder Flagge + Umriss Quiz #3

Klicken Sie hier um das Quiz zu spielen!

Allgemein

  • Dieses Quiz wurde 19.805 mal gespielt
  • Das Durchschnittsergebnis liegt bei 11 aus 16

Antwortstatistiken

Antwort% Korrekt
China
99%
Kanada
98%
Spanien
98%
Vereinigtes Königreich
95%
Israel
94%
Belarus
83%
Peru
78%
Sri Lanka
72%
Moldawien
68%
Papua Neuguinea
60%
Niger
56%
Trinidad und Tobago
50%
Burkina Faso
49%
Bahamas
47%
Fidschi
38%
Guyana
37%

Verteilung der Resultate

Perzentil nach korrekt beantworteten Fragen

Anzahl Personen mit jedem Resultat

Ihre Resultats-Entwicklung

Sie haben dieses Quiz noch nicht gespielt